Can you name 16 Norwegians in 3 minutes - Statistics

General Stats
  • This quiz has been taken 61 times
  • The average score is 8 of 16
Answer Stats
Picture Answer % Correct
Erling Braut Haaland
93%
Roald Amundsen
70%
Magnus Carlsen
67%
Henrik Ibsen
60%
Jens Stoltenberg
53%
Alexander Rybak
51%
Ole Gunnar Solskjær
51%
AURORA
46%
Marit Bjørgen
44%
Morten Harket
42%
Petter Northug
42%
Thor Heyerdahl
37%
Edvard Munch
35%
Ole Einar Bjørndalen
33%
Edvard Grieg
28%
Fridtjof Nansen
26%
No matching quizzes found
Score Distribution
Percent of People with Each Score
Percentile by Number Answered
Your Score History
You have not taken this quiz